Normal view
MARC view
- Alakghoa, Alakghosh .
Entry Personal Name
001 - CONTROL NUMBER
- control field: 1678
003 - CONTROL NUMBER IDENTIFIER
- control field: OSt
005 - DATE AND TIME OF LATEST TRANSACTION
- control field: 20161006141216.0
008 - FIXED-LENGTH DATA ELEMENTS
- fixed length control field: 161006|| aca||aabn | a|a d
040 ## - CATALOGING SOURCE
- Original cataloging agency: OSt
- Transcribing agency: OSt
100 ## - HEADING--PERSONAL NAME
- Personal name: Alakghoa, Alakghosh .
670 ## - SOURCE DATA FOUND
- Source citation: Work cat.: (OSt)11222: Alakghoa, Alakghosh ., Indian Economy: Its Nature and Problems , 1965.
